<?xml version="1.0" encoding="UTF-8"?>
<collection xmlns="http://www.loc.gov/MARC21/slim">
 <record>
  <leader>02108nam a2200229Ia 4500</leader>
  <controlfield tag="001">CTU_233259</controlfield>
  <controlfield tag="008">210402s9999    xx            000 0 und d</controlfield>
  <datafield tag="082" ind1=" " ind2=" ">
   <subfield code="a">633.37</subfield>
  </datafield>
  <datafield tag="082" ind1=" " ind2=" ">
   <subfield code="b">Th523</subfield>
  </datafield>
  <datafield tag="088" ind1=" " ind2=" ">
   <subfield code="a">9620110</subfield>
  </datafield>
  <datafield tag="100" ind1=" " ind2=" ">
   <subfield code="a">Trần, Thị Thanh Thủy</subfield>
  </datafield>
  <datafield tag="245" ind1=" " ind2="0">
   <subfield code="a">Chọn tạo các dòng đậu xanh (Vigna radiata L.) bằng đột biến EMS trên hai giống ĐX208 và Taichung :</subfield>
  </datafield>
  <datafield tag="245" ind1=" " ind2="0">
   <subfield code="b">Luận án tiến sĩ ngành. Khoa học Cây trồng</subfield>
  </datafield>
  <datafield tag="245" ind1=" " ind2="0">
   <subfield code="c">Trần Thị Thanh Thủy ; Trương Trọng Ngôn (Hướng dẫn khoa học)</subfield>
  </datafield>
  <datafield tag="260" ind1=" " ind2=" ">
   <subfield code="a">Cần Thơ</subfield>
  </datafield>
  <datafield tag="260" ind1=" " ind2=" ">
   <subfield code="b">Trường Đại học Cần Thơ</subfield>
  </datafield>
  <datafield tag="260" ind1=" " ind2=" ">
   <subfield code="c">2019</subfield>
  </datafield>
  <datafield tag="520" ind1=" " ind2=" ">
   <subfield code="a">Chọn tạo giống đậu xanh bởi hóa chất Ethyl Methane Sulphonate (EMS) đã được áp dụng ở nhiều nơi trên thế giới. Việc lựa chọn và phát triển các thể đột biến thành các giống triển vọng được đề xuất cho nông dân đã được thực hiện thành công trên nhiều quốc gia, tuy nhiên ở Việt Nam vẫn còn ít thông tin. Nghiên cứu được thực hiện nhằm tạo nguồn vật liệu khởi đầu cho chọn giống đậu xanh và chọn được từ 2 đến 4 dòng đậu xanh đột biến ngắn ngày, năng suất cao, trái chín đồng loạt. Luận án được tiến hành từ năm 2013 đến năm 2017 tại Trường Đại học Cần Thơ  và Công ty Sinh Hóa Phù Sa. Các thí nghiệm ngoài đồng từ thế hệ M₂-M₆ được bố trí theo thể thức khối hoàn toàn ngẫu nhiên (RCBD), 1 nhân tố, 3 lần lặp lại, khoảng cách gieo 45x20 cm, 2 cây/hốc, sử dụng công thức phân 60N-60P₂O₅-40K₂O.</subfield>
  </datafield>
  <datafield tag="650" ind1=" " ind2=" ">
   <subfield code="a">Đậu xanh,Mung bean</subfield>
  </datafield>
  <datafield tag="910" ind1=" " ind2=" ">
   <subfield code="b">tvtrong</subfield>
  </datafield>
  <datafield tag="910" ind1=" " ind2=" ">
   <subfield code="c">tvtrong,tvtrong</subfield>
  </datafield>
  <datafield tag="980" ind1=" " ind2=" ">
   <subfield code="a">Trung tâm Học liệu Trường Đại học Cần Thơ</subfield>
  </datafield>
 </record>
</collection>
